000 01610cam a22001934a 4500
005 20250605164032.0
008 250528s ||||||||||||||||||||||||d
035 _a16688
020 _a9607344413
040 _aGR-AtMCL
_bgre
_dGR-AtMCL
_eAACR2
245 1 _aΔιεθνές Εμπόριο
260 _bΣύγχρονη Εκδοτική,
_c2001
300 _a496
520 _aΠρόλογος, Ιστορία του Διεθνούς Εμπορίου, Το Μερκαντιλικό Σύστημα, Το Συγκριτικό Πλεονέκτημα στο Διεθνές Εμπόριο, Το Προστατευτικό Σύστημα, Το Σύστημα Ελεύθερων Συναλλαγών, Τυποποιημένη Ορολογία Διεθνούς Εμπορίου ''Incoterms'', Μέσα και Τρόποι Πληρωμής στο Διεθνές Εμπόριο, Η Ενέγγυος Πίστωση στο Διεθνές Εμπόριο, Η Ασφάλιση των Εξαγωγικών Πιστώσεων, Αγορά Συναλλάγματος και Διεθνές Εμπόριο, Τα Διεθνή Εμπορικά Συμβόλαια, Οι Μεταφορές στο Διεθνές Εμπόριο, Εξωτερικό Εμπόριο και Τελωνιακές Διαδικασίες, Οι Όροι του Εμπορίου (Terms of Trade), Gatt και Παγκόσμια Οργάνωση Εμπορίου, Η Διαιτησία στο Διεθνές Εμπόριο, Le Commerce International.
700 1 _aΔάσκαλος Γεώργιος
_92776
942 _cBK
999 _c2163
_d2163